| 000 | 01092nam a2200313 i 4500 | ||
|---|---|---|---|
| 001 | 768714001 | ||
| 003 | CO-MdFUSB | ||
| 005 | 20240917115756.0 | ||
| 007 | ta | ||
| 008 | 170310t1975 sp |||| |||| 00| 0 spa d | ||
| 020 | _a84-239-0312-5 | ||
| 040 |
_aCO-MdFUSB _bspa _cCO-MdFUSB _dCO-MdFUSBC _erda |
||
| 041 | 0 | _aspa | |
| 082 | 0 | 4 |
_a201 _223 _bU543b |
| 100 | 1 |
_aUnamuno, Miguel de (1864-1936) _eautor |
|
| 245 | 3 |
_aLa agonía del cristianismo _c/ Miguel de Unamuno |
|
| 250 | _aquinta edición | ||
| 264 | 1 |
_aMadrid, España : _b Escapa-Calpe, _c©1975 |
|
| 264 | 4 | _c©1 | |
| 300 |
_a144 páginas _c; 17 cm |
||
| 336 |
_2rdacontent _atexto _btxt |
||
| 337 |
_2rdamedia _asin mediación _bn |
||
| 338 |
_2rdacarrier _avolumen _bnc |
||
| 505 | _aIntroducción. -- La agonía. -- Qué es el cristianismo? --Verbo y letra. -- Abisag la Sunamita. La virilidad de la fe. -- El supuesto cristianismo social. -- El individualismo absoluto. -- La fe pascaliana. -- El padre Jacinto. -- Conclusión. | ||
| 563 | _aRústico | ||
| 650 | 7 |
_aCristianismo _922 |
|
| 942 | _cBK | ||
| 945 | _aJTF-925 | ||
| 999 |
_c32782 _d32782 |
||